Diseño hidráulico del cauce Ticomo, tramo del barrio William Galiano, distrito III Managua

El desarrollo de este proyecto tiene como objetivo realizar el diseño hidráulico del cauce Ticomo, donde se aplicaron dos aspectos hidrológico e hidráulico, además el proyecto tiene como meta realizar el cálculo hidrotécnico para la estabilización y diseño del cauce.

Bibliographic Details
Main Authors: Cordón Mena, Enrique Luis, Quijano Briones, Marvin José
Other Authors: Tutor: Lanza Mejía, Néstor Javier
Format: Tesis Section = Libro
Language:Undetermined
Spanish
Published: Managua UNI 2017
Subjects:
LEADER 01135nam a2200265Ia 4500
008 240830s9999 xx 000 0 und d
040 |a BIBLIOTECA-RUPAP Mon 627 C796 
041 |a spa 
082 |a Mon 627 C796 
100 1 |a Cordón Mena, Enrique Luis 
100 1 |b  Quijano Briones, Marvin José 
245 1 0 |a Diseño hidráulico del cauce Ticomo, tramo del barrio William Galiano, distrito III Managua 
260 |a Managua  |b UNI  |c 2017 
300 |a 102 p. :il. 
500 |a Contiene; anexos y CD. 
502 |a Tesis (Ingeniero Civil)- UNI, 2017. 
520 3 |a El desarrollo de este proyecto tiene como objetivo realizar el diseño hidráulico del cauce Ticomo, donde se aplicaron dos aspectos hidrológico e hidráulico, además el proyecto tiene como meta realizar el cálculo hidrotécnico para la estabilización y diseño del cauce. 
650 7 |a ESTRUCTURAS HIDRAULICAS-DISEÑO Y CONSTRUCCION 
650 7 |b HIDROLOGIA-CUENCA MANAGUA 
650 7 |c CAUCE TICOMO- MANAGUA 
650 7 |d OBRAS DE DRENAJE 
700 1 |a Tutor:  |b Lanza Mejía, Néstor Javier 
942 |c BK  |2 ddc 
991 |a TESIS 
999 |c 16168